| 000 | 00713nam a2200241Ia 4500 | ||
|---|---|---|---|
| 003 | OSt | ||
| 005 | 20220927105431.0 | ||
| 006 | a|||||r|||| 00| 0 | ||
| 007 | ta | ||
| 008 | 220926b |||||||| |||| 00| 0 eng d | ||
| 024 | _a172748 | ||
| 037 | _cReference Collections | ||
| 040 |
_aRTL _cRTL _beng |
||
| 041 |
_2eng _aeng |
||
| 082 | _a"X.1(X),d.P03r, P3/GD" | ||
| 110 |
_aInstitute of Developing economics. _9372484 |
||
| 245 | 0 | _aAnnual Report 2003. | |
| 260 |
_aJapan _bInstitute of developing economics. _c2003 |
||
| 300 |
_a73p. _ccm. |
||
| 700 |
_aInstitute of Developing economics. _9372485 |
||
| 942 |
_h"X.1(X),d.P03r, P3/GD" _cCC |
||
| 999 |
_c692527 _d692527 |
||